Score 0/36 Timer 04:00
6 Plays Today
% Correct
I
98.2%
I
98.2%
a
95.4%
George
92.6%
be
92.4%
be?
92.4%
not,
92.1%
not,
92.1%
not
92.1%
it
89.5%
it
89.5%
the
89.4%
the
89.4%
home.
89.4%
home!
89.4%
at
88.4%
at
88.4%
or
87.6%
% Correct
or
87.6%
or
87.6%
Believe
86%
Believe
86%
isn't
84.6%
I'm
84.2%
Where
83.1%
could
82.9%
message
81.9%
leave
81.7%
beep.
79.4%
Please
76%
phone.
66.9%
out,
65.5%
up
61.7%
pick
60.9%
must
59.7%
I'd
58.6%
Remove Ads.
Support Sporcle.
Get the best of Sporcle when you Go Orange. This ad-free experience offers more features, more stats, and more fun while also helping to support Sporcle. Thank you for becoming a member.

You're not logged in!

Compare scores with friends on all Sporcle quizzes.
OR
Log In

Sporcle TV

Today on Sporcle TV


Watch our educational content, quiz creation guides, and fun videos on Sporcle TV.

Show Comments

Extras

Top Quizzes Today


Score Distribution

Paid Content

Your Account Isn't Verified!

In order to create a playlist on Sporcle, you need to verify the email address you used during registration. Go to your Sporcle Settings to finish the process.

Report this User

Report this user for behavior that violates our Community Guidelines.

Details: